000 00662nam a2200205Ia 4500
003 GCL
008 140319s9999 xx 000 0 ara d
040 _aGCL /
_cGCL
082 0 4 _aق
_b962.32
_bه م
100 1 _aهيئة الاثار المصرية
245 1 0 _aمسلة رمسيس الثانى مطار القاهرة الدولى /
_cهيئة الاثار المصرية
260 _a[S.N] :
_bهيئة الاثار المصرية
490 _a
650 0 4 _aمصر
650 0 4 _aالاثار الفرعونية
650 0 4 _aالقاهرة
650 0 4 _aرمسيس الثانى
650 0 4 _aالمسلات الفرعونية
942 _2ddc
_cBK
999 _c57873
_d57873